000 00502nam a2200205 a 4500
999 _c6664
_d6664
001 6664
003 BD-JhCC
005 20180127185748.0
008 180127s1969 uk |||| |||| 000 0 eng d
035 _a(BD-JhCC)
040 _aBD-JhCC
_dBD-JhCC
041 _aeng
082 _a823.91
_bWEL 1969
100 _aWelch, Ronald
245 _aFor the King /
_cRonald Welch
260 _aLondon:
_bOxford University Press;
_c1969
300 _a220 p;,
_c20 cm
650 _aWar and Society
942 _2ddc
_cBK